<?xml version='1.0' encoding='UTF-8'?>
  <record xmlns="http://www.loc.gov/MARC21/slim">
    <leader>00000cam a2200000   4500</leader>
    <controlfield tag="001">ocm06526735</controlfield>
    <controlfield tag="003">OCoLC</controlfield>
    <controlfield tag="005">20240112133643.3</controlfield>
    <controlfield tag="007">ta</controlfield>
    <controlfield tag="008">800718s1824    enkf          000 0 eng  </controlfield>
    <datafield tag="010" ind1=" " ind2=" ">
      <subfield code="a">   12019755 </subfield>
    </datafield>
    <datafield tag="040" ind1=" " ind2=" ">
      <subfield code="a">DLC</subfield>
      <subfield code="b">eng</subfield>
      <subfield code="c">SUC</subfield>
      <subfield code="d">OCL</subfield>
      <subfield code="d">OCLCF</subfield>
      <subfield code="d">OCLCQ</subfield>
      <subfield code="d">OCLCO</subfield>
      <subfield code="d">VAMVE</subfield>
      <subfield code="d">PAU</subfield>
      <subfield code="d">U3G</subfield>
      <subfield code="d">OCLCO</subfield>
      <subfield code="d">OCLCQ</subfield>
    </datafield>
    <datafield tag="019" ind1=" " ind2=" ">
      <subfield code="a">624868488</subfield>
      <subfield code="a">874881167</subfield>
      <subfield code="a">963298401</subfield>
      <subfield code="a">972814042</subfield>
      <subfield code="a">1049500695</subfield>
      <subfield code="a">1086760535</subfield>
    </datafield>
    <datafield tag="029" ind1="1" ind2=" ">
      <subfield code="a">AU@</subfield>
      <subfield code="b">000028422314</subfield>
    </datafield>
    <datafield tag="029" ind1="1" ind2=" ">
      <subfield code="a">NLGGC</subfield>
      <subfield code="b">065226410</subfield>
    </datafield>
    <datafield tag="035" ind1=" " ind2=" ">
      <subfield code="a">(OCoLC)6526735</subfield>
      <subfield code="z">(OCoLC)624868488</subfield>
      <subfield code="z">(OCoLC)874881167</subfield>
      <subfield code="z">(OCoLC)963298401</subfield>
      <subfield code="z">(OCoLC)972814042</subfield>
      <subfield code="z">(OCoLC)1049500695</subfield>
      <subfield code="z">(OCoLC)1086760535</subfield>
    </datafield>
    <datafield tag="050" ind1=" " ind2=" ">
      <subfield code="a">SF907</subfield>
      <subfield code="b">.G65 1824</subfield>
    </datafield>
    <datafield tag="082" ind1=" " ind2="4">
      <subfield code="a">619.19</subfield>
    </datafield>
    <datafield tag="100" ind1="1" ind2=" ">
      <subfield code="a">Goodwin, Joseph.</subfield>
    </datafield>
    <datafield tag="245" ind1="1" ind2="2">
      <subfield code="a">A new system of shoeing horses:</subfield>
      <subfield code="b">with an account of the various modes practised by different nations; more particularly a comparison between the English and French methods; and observations on the diseases of the feet, connected with shoeing.</subfield>
      <subfield code="c">By Joseph Goodwin.</subfield>
    </datafield>
    <datafield tag="250" ind1=" " ind2=" ">
      <subfield code="a">2d ed.</subfield>
    </datafield>
    <datafield tag="260" ind1=" " ind2=" ">
      <subfield code="a">London,</subfield>
      <subfield code="b">Longman, Hurst, Rees, Orme, Brown, and Green</subfield>
      <subfield code="c">1824.</subfield>
    </datafield>
    <datafield tag="300" ind1=" " ind2=" ">
      <subfield code="a">ix, 383 (i.e. 395) [1] pages</subfield>
      <subfield code="b">12 plates (including frontispiece)</subfield>
      <subfield code="c">22 cm</subfield>
    </datafield>
    <datafield tag="336" ind1=" " ind2=" ">
      <subfield code="a">text</subfield>
      <subfield code="b">txt</subfield>
      <subfield code="2">rdacontent</subfield>
    </datafield>
    <datafield tag="337" ind1=" " ind2=" ">
      <subfield code="a">unmediated</subfield>
      <subfield code="b">n</subfield>
      <subfield code="2">rdamedia</subfield>
    </datafield>
    <datafield tag="338" ind1=" " ind2=" ">
      <subfield code="a">volume</subfield>
      <subfield code="b">nc</subfield>
      <subfield code="2">rdacarrier</subfield>
    </datafield>
    <datafield tag="505" ind1="0" ind2=" ">
      <subfield code="a">Introduction -- General Observations on the Structure of the Foot -- On Perfect Hoofs -- On Imperfect Hoofs -- On Contraction -- On Thrush -- On Corns -- On Sand Cracks -- On Pumiced Feet or Convex Soles -- On Soles unnaturally Concave -- On Founder -- On Fever in the Feet -- On the Nerve Operation -- Observations on some of the Tools used by Shoeing Smiths -- On the ordinary Methods of Shoeing Horses in England -- On the Seated Shoe -- On Professor Coleman's System of Shoeing -- On Mr. Bracy Clark's System of Shoeing -- On the French System -- On the Persian and other Foreign Systems -- On the French Shoe modified -- On Bar Shoes -- On the Patten Shoe -- On Screw Shoes -- On Grass Shoes, or Tips -- On Shoes with Moveable Toes -- On the Hunting Shoe -- On the Racing Shoe, or Plate -- On Fullering -- On Punching -- On Frosting -- On Nails -- On Nailing -- On the Patent malleable Cast-Iron Horse-Shoes -- Paving Stalls, Gratings, &amp;c. -- On the Management of Feet in the Stable -- On the cutting Shoe and Boot -- On Water and Poultice Boots -- On Shoeing Smiths -- On the Concave-seated Shoe.</subfield>
    </datafield>
    <datafield tag="650" ind1=" " ind2="0">
      <subfield code="a">Horseshoeing.</subfield>
    </datafield>
    <datafield tag="650" ind1=" " ind2="0">
      <subfield code="a">Horses</subfield>
      <subfield code="x">Diseases.</subfield>
    </datafield>
    <datafield tag="650" ind1=" " ind2="2">
      <subfield code="a">Horse Diseases</subfield>
    </datafield>
    <datafield tag="650" ind1=" " ind2="6">
      <subfield code="a">Maréchalerie.</subfield>
    </datafield>
    <datafield tag="650" ind1=" " ind2="6">
      <subfield code="a">Chevaux</subfield>
      <subfield code="x">Maladies.</subfield>
    </datafield>
    <datafield tag="650" ind1=" " ind2="7">
      <subfield code="a">Horses</subfield>
      <subfield code="x">Diseases.</subfield>
      <subfield code="2">fast</subfield>
      <subfield code="0">(OCoLC)fst00960626</subfield>
    </datafield>
    <datafield tag="650" ind1=" " ind2="7">
      <subfield code="a">Horseshoeing.</subfield>
      <subfield code="2">fast</subfield>
      <subfield code="0">(OCoLC)fst00960729</subfield>
    </datafield>
    <datafield tag="856" ind1="4" ind2="1">
      <subfield code="z">Facsimile</subfield>
      <subfield code="u">http://hdl.library.upenn.edu/1017/d/print/1317086</subfield>
    </datafield>
  </record>